000 01153nam a2200325Ia 4500
003 GCL
008 140319s9999 xx 000 0 ara d
040 _aGCL /
_cGCL
082 0 4 _a503
_bع م
100 1 _aعبدالسلام رضوان
245 1 0 _aالموسوعة العلمية المبسطة :
_bمج 1 الكائنات الحية - الارض - الانسان - الحيوان - النباتات - الاصوات - الماء - المياه فى البحار /
_cعبدالسلام رضوان
260 _aالاردن :
_bدار اسامة للنشر والتوزيع ،
_c2003
300 _a352 ص ؛
_c24 سم
650 0 4 _aالضوء
650 0 4 _aالتربة
650 0 4 _aالفقاريات
650 0 4 _aالارانب
650 0 4 _aالاصوات
650 0 4 _aالجهاز العصبى
650 0 4 _aالارض
650 0 4 _aالمياه
650 0 4 _aالهواء
650 0 4 _aاللافقاريات
650 0 4 _aالغدد
650 0 4 _aالحيوان، علم
650 0 4 _aالاجناس - علم
650 0 4 _aالتربة - تحليل
650 0 4 _aالحيوانات - امراض
942 _2ddc
_cBK
999 _c8441
_d8441